| 000 | 00000nam##2200000za#4500 |
| 001 | 9.602377 |
| 003 | CaOODSP |
| 005 | 20220328113247 |
| 007 | cr ||||||||||| |
| 008 | 150406|1998||||xxc|||||o f|0| 0 fre|d |
| 040 | |aCaOODSP|bfre |
| 043 | |an-cn--- |
| 086 | 1 |aC21-27/3-1998-3F-PDF |
| 110 | 1 |aCanada. |bIndustrie Canada. |
| 245 | 13|aLa réaction des entreprises : |h[ressource électronique]|bl'innovation à l'ère de l'information / |cpar Randall Morck et Bernard Yeung. |
| 260 | |aOttawa - Ontario : |bIndustrie Canada |cNovembre 1998. |
| 300 | |a85p.|bfigure, graphiques, références |
| 490 | 1 |aLe Canada au 21e siècle. III, Relever le défi|vN° 10 |
| 500 | |aLe n° de catalogue (C21-27/3-1998-3) et l'ISBN (0-662-63960-X) de l'édition imprimée bilingue ont été incorrectement copiés dans l'édition électronique. |
| 590 | |a11-24-Supp|b2011-10-24 |
| 691 | 07|aInnovation technologique|2gcpds |
| 691 | 07|aTechnologie de l'information|2gcpds |
| 720 | 1 |aMorck, Randall |
| 720 | 1 |aYeung, Bernard |
| 775 | 08|tThe corporate response : |w(CaOODSP)9.571957 |
| 776 | 0#|tThe corporate response: innovation in the information age / |w(CaOODSP)9.531384 |
| 776 | 0#|tLa réaction des entreprises: l'innovation à l'ère de l'information / |w(CaOODSP)9.531385 |
| 830 | #0|aLe Canada au 21e siècle. III, Relever le défi ;|vN° 10|w(CaOODSP)9.502919 |
| 856 | 40|ahttp://publications.gc.ca|qPDF|s220 Ko|uhttps://publications.gc.ca/collections/Collection/C21-27-3-1998-3F.pdf|yN° 10 |